000 00325nam a2200097Ia 4500
082 _a968.048|VANH
245 0 _aThe concentration camps of the Anglo-Boer War : a social history
100 _a Van Heyningen, E. Auckland Park, South Africa, 2013
_962862
942 _cBK
008 210817s9999 xx 000 0 und d
999 _c198697
_d198696